LEADER 01022nam a2200193 i 4500 001 000000031452 003 CaOOAMICUS 005 20180830125449.0 008 180830s1807 gw u000 u und u 040 $aSeMil$bita 245 10$aRecherches sur l'ancienne constitution de l'ordre teutonique et sur ses usages comparés avec ceux des templiers... Par l'auteur de l'Histoire de l'Ordre teutonique. Tome 1 [-2]. 260 $aA Mergentheim :$bChez Jean George Thomm,$c1807. 300 $a2 v. ;$c8°. 650 4$aOrdine Teutonico.$0(OLS)http://semarc/subject/5047 700 1 $aWal, Guillaume Eugene Joseph : de.$0(OLS)http://semarc/name/14510 774 0 $tTome 1.$g1$w()109185 774 0 $tTome 2.$g2$w()239133 996 $6245$aRecherches sur l'ancienne constitution de l'ordre teutonique et sur ses usages comparés avec ceux des templiers... Par l'auteur de l'Histoire de l'Ordre teutonique. Tome 1 [-2]$9(OLS)http://semarc/title/42758 996 $6260$aA Mergentheim :$bChez Jean George Thomm$9(OLS)http://semarc/publisher/38900